000 00358nam a2200145Ia 4500
003 0100
008 130303s9999 xx 000 0 und d
040 _cARRUPELIB
050 _aBX1959.3.E5C38 1994
245 _aCatechism of the Catholic Church
260 _aWashington, D.C.
260 _bUnited States Catholic Conference
260 _C1994
942 0 0 _03
999 _c18595
_d18595